Normal view
MARC view
- computer technology
Entry Topical Term
001 - CONTROL NUMBER
- control field: 112643
003 - CONTROL NUMBER IDENTIFIER
- control field: NUST
005 - DATE AND TIME OF LATEST TRANSACTION
- control field: 20230526084013.0
008 - FIXED-LENGTH DATA ELEMENTS
- fixed length control field: 230526|| aca||aabn | a|a d
040 ## - CATALOGING SOURCE
- Original cataloging agency: NUST
- Transcribing agency: NUST
150 ## - HEADING--TOPICAL TERM
- Topical term or geographic name entry element: computer technology
670 ## - SOURCE DATA FOUND
- Source citation: Work cat.: (NUST)193285: Living with Technology :, 1982
